000 00247nam a2200085Ia 4500
008 160329s9999 xx 000 0 und d
245 _aComputing Research Repository (CoRR),
650 _aInformation Technology.
856 _uhttp://arxiv.org/corr/home
999 _c292985
_d292985